Normal view
MARC view
Entry Personal Name
001 - CONTROL NUMBER
- control field: 452575
003 - CONTROL NUMBER IDENTIFIER
- control field:
005 - DATE AND TIME OF LATEST TRANSACTION
- control field: 20210602131441.0
008 - FIXED-LENGTH DATA ELEMENTS
- fixed length control field: 210602|| aca||aabn | a|a d
040 ## - CATALOGING SOURCE
- Original cataloging agency:
- Transcribing agency:
100 ## - HEADING--PERSONAL NAME
- Personal name: Nagaraj, M. N
670 ## - SOURCE DATA FOUND
- Source citation: Work cat.: (): Indian Association of Special Libraries & Information Centres (7th : 1976, Dec. 28-31 : Burdwan) 452571, Proceedings, 1976
